[Event "D"]
[Site "?"]
[Date "2018.08.25"]
[Round "7.3"]
[White "Sokol, Maria"]
[Black "Miler, Franciszek"]
[Result "1/2-1/2"]
[BlackElo "1315"]
[WhiteElo "1304"]
[LiveChessVersion "1.4.8"]

1. e4 {[%clk 1:30:59]} c5 {[%clk 1:30:56]} 2. Nf3 {[%clk 1:31:23]} d6
{[%clk 1:31:20]} 3. c3 {[%clk 1:31:50]} Nf6 {[%clk 1:31:28]} 4. h3 Nc6
{[%clk 1:30:08]} 5. Bd3 {[%clk 1:32:37]} e6 {[%clk 1:30:21]} 6. Bc2
{[%clk 1:33:01]} Be7 {[%clk 1:29:53]} 7. O-O {[%clk 1:33:22]} O-O
{[%clk 1:30:15]} 8. d3 {[%clk 1:33:35]} Qc7 {[%clk 1:29:38]} 9. Bg5
{[%clk 1:31:55]} d5 {[%clk 1:29:50]} 10. exd5 {[%clk 1:31:53]} exd5
{[%clk 1:29:24]} 11. Re1 {[%clk 1:32:00]} Be6 {[%clk 1:29:43]} 12. Nbd2
{[%clk 1:27:45]} h6 {[%clk 1:29:35]} 13. Bh4 {[%clk 1:28:11]} a6 {[%clk 1:25:10]}
14. Nb3 {[%clk 1:28:13]} c4 {[%clk 1:24:45]} 15. dxc4 {[%clk 1:27:59]} dxc4
{[%clk 1:25:01]} 16. Nbd4 {[%clk 1:28:22]} Nxd4 {[%clk 1:24:55]} 17. Nxd4
{[%clk 1:28:48]} Rad8 {[%clk 1:24:39]} 18. Qc1 {[%clk 1:28:52]} Nd5
{[%clk 1:22:36]} 19. Bxe7 {[%clk 1:28:09]} Qxe7 {[%clk 1:22:45]} 20. Bf5
{[%clk 1:28:15]} Qf6 {[%clk 1:19:12]} 21. Nxe6 {[%clk 1:28:07]} fxe6
{[%clk 1:19:26]} 22. Bxe6+ {[%clk 1:28:32]} Kh8 {[%clk 1:19:47]} 23. Qc2
{[%clk 1:28:28]} b5 {[%clk 1:17:20]} 24. Bxd5 {[%clk 1:28:54]} Rxd5
{[%clk 1:17:41]} 25. Rad1 {[%clk 1:29:17]} Rf5 {[%clk 1:16:07]} 26. Rd2
{[%clk 1:29:05]} Qb6 {[%clk 1:16:00]} 27. Re3 {[%clk 1:29:21]} Rxf2
{[%clk 1:15:02]} 28. Rxf2 {[%clk 1:28:51]} Qxe3 {[%clk 1:15:24]} 29. Qd2
{[%clk 1:28:09]} Qxd2 {[%clk 1:00:59]} 30. Rxd2 {[%clk 1:28:33]} Rf6
{[%clk 1:00:23]} 31. g4 {[%clk 1:28:50]} g5 {[%clk 0:58:58]} 32. Kg2
{[%clk 1:29:16]} Kg7 {[%clk 0:58:58]} 33. b3 {[%clk 1:29:42]} cxb3
{[%clk 0:59:13]} 34. axb3 {[%clk 1:30:08]} Rc6 {[%clk 0:59:36]} 35. Rd3
{[%clk 1:28:52]} Kf6 {[%clk 0:48:45]} 36. Kf3 {[%clk 1:29:20]} a5
{[%clk 0:48:10]} 37. Ke2 {[%clk 1:29:29]} Ke7 {[%clk 0:43:35]} 38. Kd2
{[%clk 1:29:55]} Rd6 39. c4 b4 40. Kc2 Rxd3 41. Kxd3 Kd6 42. Kd4 Kc6 43. c5 Kb5
44. Kd5 a4 45. bxa4+ Kxa4 46. c6 b3 47. c7 b2 1/2-1/2

[Event "D"]
[Site "?"]
[Date "2018.08.25"]
[Round "7.4"]
[White "Goral, Jan"]
[Black "Miranowska, Anna"]
[Result "1-0"]
[BlackElo "1273"]
[WhiteElo "1471"]
[LiveChessVersion "1.4.8"]

1. d4 d5 2. c4 e6 3. Nf3 Nf6 4. g3 Nbd7 5. Bg2 dxc4 6. Qa4 a6 7. Qxc4 b5 8. Qc2
Bb7 9. O-O Be7 10. a3 O-O 11. Nc3 Rc8 12. Rd1 c5 13. dxc5 Rxc5 14. Be3 Rc8 15.
Qb3 Qc7 16. Rac1 Qb8 17. h3 Rfd8 18. Ng5 Bxg2 19. Kxg2 Qb7+ 20. Kg1 h6 21. Nf3
Nb6 22. Bxb6 Qxb6 23. Kg2 Bc5 24. e3 Qb7 25. Ne2 Nd5 26. e4 Nf6 27. Rxd8+ Rxd8
28. Rxc5 Nxe4 29. Rc2 Kh8 30. Qe3 Ng5 31. h4 Nxf3 32. Qxf3 Qxf3+ 33. Kxf3 g6 34.
Ke3 Kg7 35. b4 Rd6 36. Rc5 h5 37. Nd4 Rb6 38. Rc6 Rxc6 39. Nxc6 Kf6 40. Ke4 g5
41. Nb8 gxh4 42. gxh4 Ke7 43. Nxa6 Kd6 44. Nc5 f6 45. f4 f5+ 46. Kd4 e5+ 47.
fxe5+ Ke7 48. e6 f4 49. Ke4 f3 50. Kxf3 Kf6 51. Kf4 Ke7 52. Kg5 Kf8 53. Kxh5 Kg7
54. Kg5 Kf8 55. Kf6 Ke8 56. h5 Kf8 57. h6 Kg8 58. e7 Kh8 59. Kg6 Kg8 60. e8=Q#
1-0

[Event "D"]
[Site "?"]
[Date "2018.08.25"]
[Round "7.5"]
[White "Chmiel, Pawel"]
[Black "Ullrich, Karol"]
[Result "1-0"]
[BlackElo "1303"]
[WhiteElo "1220"]
[LiveChessVersion "1.4.8"]

1. d4 {[%clk 1:30:53]} d5 {[%clk 1:30:42]} 2. Bf4 {[%clk 1:31:17]} Bf5
{[%clk 1:30:21]} 3. e3 {[%clk 1:31:34]} Nf6 {[%clk 1:30:39]} 4. c4
{[%clk 1:31:17]} c6 {[%clk 1:31:02]} 5. Nc3 {[%clk 1:31:27]} e6 {[%clk 1:31:24]}
6. Bd3 {[%clk 1:31:27]} Bxd3 {[%clk 1:30:38]} 7. Qxd3 {[%clk 1:31:47]} Bd6
{[%clk 1:30:56]} 8. Bg3 {[%clk 1:31:54]} O-O {[%clk 1:29:32]} 9. Nf3
{[%clk 1:32:12]} a5 {[%clk 1:27:19]} 10. c5 {[%clk 1:31:58]} Bc7 {[%clk 1:27:14]}
11. O-O {[%clk 1:32:07]} Bxg3 {[%clk 1:27:09]} 12. fxg3 {[%clk 1:32:24]} b5
{[%clk 1:27:34]} 13. cxb6 {[%clk 1:32:38]} Qxb6 {[%clk 1:27:57]} 14. Na4
{[%clk 1:32:30]} Qc7 {[%clk 1:27:43]} 15. Nc5 {[%clk 1:32:22]} Nbd7
{[%clk 1:28:02]} 16. Nxd7 {[%clk 1:32:16]} Nxd7 {[%clk 1:28:11]} 17. Ng5
{[%clk 1:31:49]} g6 {[%clk 1:28:29]} 18. e4 {[%clk 1:30:51]} Rab8
{[%clk 1:26:15]} 19. b3 {[%clk 1:30:42]} h6 {[%clk 1:18:09]} 20. Nf3
{[%clk 1:30:40]} Nf6 {[%clk 1:17:56]} 21. e5 {[%clk 1:30:24]} Nd7
{[%clk 1:18:04]} 22. Rac1 {[%clk 1:30:11]} Qa7 {[%clk 1:16:49]} 23. Rxc6
{[%clk 1:29:58]} Rbc8 {[%clk 1:13:23]} 24. Rfc1 {[%clk 1:30:14]} Rxc6
{[%clk 1:12:31]} 25. Rxc6 {[%clk 1:30:33]} g5 {[%clk 1:12:23]} 26. Qa6
{[%clk 1:30:43]} Qb8 {[%clk 1:10:01]} 27. Qxa5 {[%clk 1:30:33]} Rc8
{[%clk 1:07:33]} 28. Qa6 {[%clk 1:30:14]} Rxc6 {[%clk 1:06:26]} 29. Qxc6
{[%clk 1:30:36]} Nf8 {[%clk 1:06:48]} 30. Qc3 {[%clk 1:30:39]} Qa7
{[%clk 1:05:50]} 31. a4 {[%clk 1:30:59]} Qa6 {[%clk 1:06:07]} 32. h3
{[%clk 1:31:17]} Kg7 {[%clk 1:06:09]} 33. a5 {[%clk 1:31:26]} Qb5
{[%clk 1:05:41]} 34. b4 {[%clk 1:31:36]} Nd7 {[%clk 1:06:03]} 35. Kh2
{[%clk 1:31:30]} Kg6 {[%clk 1:03:11]} 36. Ne1 {[%clk 1:31:28]} Kg7
{[%clk 1:03:23]} 37. Nd3 {[%clk 1:31:45]} Nb8 {[%clk 1:02:54]} 38. Nc5
{[%clk 1:31:25]} Nc6 {[%clk 1:02:06]} 39. a6 {[%clk 1:30:49]} Nxb4
{[%clk 1:02:28]} 40. a7 {[%clk 1:31:04]} Qa5 {[%clk 1:02:46]} 41. a8=R
{[%clk 1:29:51]} Qxa8 {[%clk 1:03:02]} 42. Qxb4 {[%clk 1:30:14]} Qf8
{[%clk 1:01:34]} 43. Qb7 {[%clk 1:30:28]} Qe8 {[%clk 1:01:47]} 44. Qd7
{[%clk 1:30:19]} Qxd7 {[%clk 0:59:41]} 45. Nxd7 {[%clk 1:30:00]} Kg6
{[%clk 1:00:07]} 46. g4 {[%clk 1:30:10]} Kg7 {[%clk 1:00:25]} 47. Kg3
{[%clk 1:29:41]} Kg6 {[%clk 1:00:30]} 48. Kf3 {[%clk 1:29:35]} Kg7
{[%clk 1:00:08]} 49. Nf6 {[%clk 1:29:23]} Kf8 {[%clk 0:59:45]} 50. g3
{[%clk 1:29:41]} Ke7 {[%clk 0:58:35]} 51. h4 {[%clk 1:29:30]} Kf8
{[%clk 0:58:44]} 52. hxg5 {[%clk 1:29:45]} hxg5 {[%clk 0:59:09]} 53. Nh7+
{[%clk 1:30:09]} Ke7 {[%clk 0:59:33]} 54. Ke3 {[%clk 1:29:19]} f5
{[%clk 0:58:46]} 55. exf6+ {[%clk 1:29:20]} Kf7 {[%clk 0:59:12]} 56. Nxg5+
{[%clk 1:29:39]} Kxf6 {[%clk 0:59:35]} 57. Kf4 {[%clk 1:29:59]} e5+
{[%clk 0:59:19]} 58. dxe5+ {[%clk 1:30:22]} Kg6 {[%clk 0:59:43]} 59. Nf3
{[%clk 1:30:41]} Kf7 {[%clk 0:59:47]} 60. e6+ {[%clk 1:31:03]} Kxe6
{[%clk 1:00:08]} 61. g5 {[%clk 1:29:55]} Kf7 {[%clk 0:59:56]} 62. Ke5
{[%clk 1:30:20]} Kg6 {[%clk 1:00:15]} 63. Kxd5 {[%clk 1:30:44]} Kf5
{[%clk 1:00:28]} 64. g4+ {[%clk 1:30:52]} Kg6 {[%clk 1:00:31]} 65. Ke6
{[%clk 1:31:17]} Kh7 {[%clk 1:00:43]} 66. Kf7 {[%clk 1:31:39]} Kh8
{[%clk 1:01:06]} 67. Ne5 {[%clk 1:31:54]} Kh7 {[%clk 1:01:28]} 68. g6+
{[%clk 1:32:16]} Kh6 {[%clk 1:01:12]} 69. g7 {[%clk 1:32:40]} Kg5
{[%clk 1:01:36]} 70. g8=Q+ {[%clk 1:32:58]} Kf4 {[%clk 1:01:56]} 71. Qg6
{[%clk 1:33:10]} Kg3 {[%clk 1:02:13]} 72. Qf5 {[%clk 1:32:59]} Kh4
{[%clk 1:02:30]} 73. g5 {[%clk 1:33:05]} Kg3 {[%clk 1:02:37]} 74. Qf3+
{[%clk 1:33:27]} Kh2 {[%clk 1:02:59]} 75. Ng4+ {[%clk 1:33:52]} Kg1
{[%clk 1:03:21]} 76. Qf2+ {[%clk 1:34:12]} Kh1 {[%clk 1:03:44]} 77. Qf1#
{[%clk 1:34:26]} 1-0

[Event "D"]
[Site "?"]
[Date "2018.08.25"]
[Round "7.7"]
[White "Walaszczyk, Mikolaj"]
[Black "Grzebieniowski, Michal"]
[Result "0-1"]
[BlackElo "1385"]
[WhiteElo "1217"]
[LiveChessVersion "1.4.8"]

1. d4 {[%clk 1:30:11]} d5 {[%clk 1:30:49]} 2. Nf3 {[%clk 1:30:20]} e6
{[%clk 1:31:00]} 3. c4 {[%clk 1:30:30]} Nf6 {[%clk 1:31:25]} 4. Bf4
{[%clk 1:30:36]} Be7 {[%clk 1:30:27]} 5. Nc3 {[%clk 1:30:00]} a6 {[%clk 1:30:46]}
6. e3 {[%clk 1:30:00]} O-O {[%clk 1:31:09]} 7. h3 {[%clk 1:29:49]} Nbd7
{[%clk 1:30:49]} 8. c5 {[%clk 1:29:39]} c6 {[%clk 1:30:54]} 9. Be2
{[%clk 1:29:40]} a5 {[%clk 1:28:34]} 10. O-O {[%clk 1:29:25]} b6 {[%clk 1:28:59]}
11. cxb6 {[%clk 1:28:24]} Qxb6 {[%clk 1:28:49]} 12. Qc2 {[%clk 1:27:01]} Bb7
{[%clk 1:29:03]} 13. Rac1 {[%clk 1:26:23]} Rac8 {[%clk 1:25:36]} 14. Na4
{[%clk 1:25:09]} Qa7 {[%clk 1:25:26]} 15. Bg5 {[%clk 1:23:31]} Bd6
{[%clk 1:20:11]} 16. Bxf6 {[%clk 1:23:03]} Nxf6 {[%clk 1:18:29]} 17. Nc5
{[%clk 1:21:53]} Bxc5 {[%clk 1:16:49]} 18. Qxc5 {[%clk 1:22:13]} Qa8
{[%clk 1:17:04]} 19. Ne5 {[%clk 1:21:41]} Ne4 {[%clk 1:16:58]} 20. Qb6
{[%clk 1:21:19]} Rfd8 {[%clk 1:12:26]} 21. Rc2 {[%clk 1:17:00]} f6
{[%clk 1:10:31]} 22. Nd3 {[%clk 1:14:21]} Rd6 {[%clk 1:08:45]} 23. Rfc1
{[%clk 1:12:31]} c5 {[%clk 1:07:38]} 24. Qb5 {[%clk 1:10:50]} Bc6
{[%clk 1:07:43]} 25. Rxc5 {[%clk 1:05:11]} Nxc5 {[%clk 1:07:34]} 26. Qxc5
{[%clk 1:04:54]} Rd7 {[%clk 1:04:35]} 27. Rb1 {[%clk 1:03:03]} Ba4
{[%clk 0:56:58]} 28. Qa3 {[%clk 1:02:41]} Bb5 {[%clk 0:53:24]} 29. Nf4
{[%clk 0:57:20]} Bxe2 {[%clk 0:51:33]} 30. Nxe2 {[%clk 0:57:24]} Rdc7
{[%clk 0:51:47]} 31. Nc3 {[%clk 0:57:15]} Qb7 {[%clk 0:51:15]} 32. Qxa5
{[%clk 0:56:30]} Rxc3 {[%clk 0:51:24]} 33. bxc3 {[%clk 0:54:43]} Qxb1+
{[%clk 0:51:26]} 34. Kh2 {[%clk 0:54:57]} Qb8+ {[%clk 0:51:36]} 35. Kg1
{[%clk 0:54:45]} Qc7 0-1

[Event "D"]
[Site "?"]
[Date "2018.08.25"]
[Round "7.8"]
[White "Zawada, Radoslaw"]
[Black "Klisowski, Bartosz"]
[Result "0-1"]
[BlackElo "1330"]
[WhiteElo "1192"]
[LiveChessVersion "1.4.8"]

1. e4 {[%clk 1:30:57]} c6 {[%clk 1:30:53]} 2. d4 {[%clk 1:31:18]} d5
{[%clk 1:31:17]} 3. Nc3 {[%clk 1:31:42]} dxe4 {[%clk 1:31:33]} 4. Nxe4
{[%clk 1:31:50]} Bf5 {[%clk 1:31:46]} 5. Ng3 {[%clk 1:31:42]} Bg6
{[%clk 1:32:07]} 6. Nf3 {[%clk 1:31:52]} Nd7 {[%clk 1:32:21]} 7. Be2
{[%clk 1:31:21]} e6 {[%clk 1:31:23]} 8. O-O {[%clk 1:30:56]} Ngf6
{[%clk 1:30:26]} 9. Bf4 {[%clk 1:30:03]} Be7 {[%clk 1:29:19]} 10. c3
{[%clk 1:29:23]} O-O {[%clk 1:28:21]} 11. Re1 {[%clk 1:28:21]} Nd5
{[%clk 1:26:12]} 12. Be3 {[%clk 1:25:00]} Qc7 {[%clk 1:25:17]} 13. c4
{[%clk 1:23:26]} Nxe3 {[%clk 1:22:37]} 14. fxe3 {[%clk 1:23:53]} Bd6
{[%clk 1:21:15]} 15. Nf1 {[%clk 1:22:25]} c5 {[%clk 1:19:48]} 16. b3
{[%clk 1:18:21]} Rfd8 {[%clk 1:16:55]} 17. Qc1 {[%clk 1:11:25]} a6
{[%clk 1:13:20]} 18. Kh1 {[%clk 1:09:49]} cxd4 {[%clk 1:12:07]} 19. exd4
{[%clk 1:08:26]} Bf4 {[%clk 1:12:00]} 20. Qb2 {[%clk 1:07:40]} Nf6
{[%clk 1:11:08]} 21. N1d2 {[%clk 1:03:11]} Ng4 {[%clk 1:08:27]} 22. h3
{[%clk 1:02:50]} Nf2+ {[%clk 1:06:55]} 23. Kg1 {[%clk 1:03:15]} Be3
{[%clk 1:06:38]} 24. Kf1 {[%clk 1:03:42]} Qg3 {[%clk 1:05:52]} 25. Rac1
{[%clk 0:56:35]} Nd3 {[%clk 1:05:53]} 26. Ne4 {[%clk 0:56:24]} Bxe4
{[%clk 1:05:40]} 27. Bxd3 {[%clk 0:56:31]} Bxd3+ {[%clk 1:05:58]} 28. Re2
{[%clk 0:56:50]} Qf2# 0-1

[Event "D"]
[Site "?"]
[Date "2018.08.25"]
[Round "7.9"]
[White "Zaborski, Igor"]
[Black "Stefaniuk, Zbigniew"]
[Result "1-0"]
[BlackElo "1173"]
[WhiteElo "1320"]
[LiveChessVersion "1.4.8"]

1. d4 {[%clk 1:30:57]} Nf6 {[%clk 1:30:55]} 2. c4 {[%clk 1:31:20]} e6
{[%clk 1:31:20]} 3. Nc3 {[%clk 1:31:29]} Bb4 {[%clk 1:31:42]} 4. f3
{[%clk 1:31:06]} d5 {[%clk 1:31:33]} 5. Bg5 {[%clk 1:31:11]} h6 {[%clk 1:30:47]}
6. Bh4 {[%clk 1:30:47]} O-O {[%clk 1:29:15]} 7. a3 {[%clk 1:30:55]} Bxc3+
{[%clk 1:29:25]} 8. bxc3 {[%clk 1:31:18]} c6 {[%clk 1:27:09]} 9. Nh3
{[%clk 1:30:15]} Qa5 {[%clk 1:25:33]} 10. Qd2 {[%clk 1:29:17]} Nbd7
{[%clk 1:25:36]} 11. Nf2 {[%clk 1:28:02]} Re8 {[%clk 1:19:16]} 12. g4
{[%clk 1:23:06]} g5 {[%clk 1:10:51]} 13. Bg3 {[%clk 1:23:20]} Nh7
{[%clk 1:07:39]} 14. h4 {[%clk 1:22:30]} f6 {[%clk 1:00:13]} 15. hxg5
{[%clk 1:20:08]} hxg5 {[%clk 1:00:27]} 16. e4 {[%clk 1:19:27]} Kg7
{[%clk 0:47:52]} 17. Bd3 {[%clk 1:17:50]} Rh8 {[%clk 0:42:53]} 18. Ke2
{[%clk 1:17:21]} Qd8 {[%clk 0:41:02]} 19. e5 {[%clk 1:17:22]} fxe5
{[%clk 0:33:56]} 20. dxe5 {[%clk 1:16:22]} Ndf8 {[%clk 0:32:09]} 21. Rh5
{[%clk 1:15:45]} Bd7 {[%clk 0:26:16]} 22. Rah1 {[%clk 1:13:59]} Be8
{[%clk 0:23:14]} 23. R5h2 {[%clk 1:13:42]} dxc4 {[%clk 0:15:34]} 24. Bxc4
{[%clk 1:13:57]} Qxd2+ {[%clk 0:15:56]} 25. Kxd2 {[%clk 1:14:25]} Bg6
{[%clk 0:14:06]} 26. Bd3 {[%clk 1:13:21]} Rd8 {[%clk 0:14:04]} 27. Ke2
{[%clk 1:13:26]} Bxd3+ {[%clk 0:13:51]} 28. Nxd3 {[%clk 1:13:48]} b6
{[%clk 0:13:19]} 29. Bf2 {[%clk 1:11:30]} Ng6 {[%clk 0:09:23]} 30. c4
{[%clk 1:10:36]} c5 {[%clk 0:09:20]} 31. Be3 {[%clk 1:10:18]} Rdf8
{[%clk 0:07:32]} 32. a4 {[%clk 1:10:06]} a5 {[%clk 0:05:57]} 33. Rh5
{[%clk 1:07:45]} Nf4+ {[%clk 0:05:18]} 34. Bxf4 {[%clk 1:07:07]} gxf4
{[%clk 0:05:45]} 35. Nf2 {[%clk 1:04:28]} Rf7 {[%clk 0:01:34]} 36. Ne4
{[%clk 1:04:36]} Re7 {[%clk 0:00:57]} 37. Nf6 {[%clk 1:02:28]} 1-0

[Event "D"]
[Site "?"]
[Date "2018.08.25"]
[Round "7.10"]
[White "Mrozek, Zofia"]
[Black "Kussowski, Mateusz"]
[Result "1/2-1/2"]
[BlackElo "1201"]
[WhiteElo "1268"]
[LiveChessVersion "1.4.8"]

1. e4 {[%clk 1:30:58]} e5 {[%clk 1:30:56]} 2. Nf3 {[%clk 1:31:22]} Nc6
{[%clk 1:31:20]} 3. d4 {[%clk 1:31:48]} exd4 {[%clk 1:31:46]} 4. Bc4
{[%clk 1:32:14]} Nf6 {[%clk 1:32:07]} 5. O-O {[%clk 1:32:16]} Nxe4
{[%clk 1:28:29]} 6. Re1 {[%clk 1:32:38]} d5 {[%clk 1:28:53]} 7. Bxd5
{[%clk 1:33:01]} Qxd5 {[%clk 1:29:13]} 8. Nc3 {[%clk 1:33:25]} Qd8
{[%clk 1:28:57]} 9. Nxe4 {[%clk 1:33:45]} Be7 {[%clk 1:28:38]} 10. Bg5
{[%clk 1:31:43]} O-O {[%clk 1:28:11]} 11. Bxe7 {[%clk 1:31:41]} Qxe7
{[%clk 1:28:23]} 12. Nxd4 {[%clk 1:30:06]} Nxd4 {[%clk 1:28:40]} 13. Qxd4
{[%clk 1:30:24]} Qd7 {[%clk 1:26:37]} 14. Qc3 {[%clk 1:25:41]} c6
{[%clk 1:25:17]} 15. Rad1 {[%clk 1:24:43]} Qc7 {[%clk 1:25:31]} 16. Ng3
{[%clk 1:17:32]} b6 {[%clk 1:23:06]} 17. h3 {[%clk 1:12:50]} c5 {[%clk 1:23:11]}
18. Qf3 {[%clk 1:09:44]} Bb7 {[%clk 1:22:54]} 19. Qg4 {[%clk 1:09:53]} Rad8
{[%clk 1:21:52]} 20. Nf5 {[%clk 1:05:39]} g6 {[%clk 1:21:49]} 21. Qg3
{[%clk 1:04:21]} Qxg3 {[%clk 1:21:58]} 22. Nxg3 {[%clk 1:04:44]} Rfe8
{[%clk 1:22:16]} 23. Rxe8+ {[%clk 1:05:00]} Rxe8 {[%clk 1:22:38]} 24. Rd7
{[%clk 1:05:04]} Re1+ {[%clk 1:22:07]} 25. Kh2 {[%clk 1:04:52]} Bc6
{[%clk 1:21:46]} 26. Rxa7 {[%clk 1:04:17]} Rb1 {[%clk 1:22:06]} 27. b3
{[%clk 1:02:55]} Rb2 {[%clk 1:22:25]} 28. Rc7 {[%clk 1:02:14]} Bd5
{[%clk 1:22:37]} 29. c4 {[%clk 1:02:23]} Be6 {[%clk 1:22:49]} 30. Rb7
{[%clk 0:59:38]} Rxf2 {[%clk 1:22:51]} 31. Ra7 {[%clk 0:55:10]} Kg7
{[%clk 1:22:34]} 32. Ne4 {[%clk 0:54:16]} Re2 {[%clk 1:22:05]} 33. Ng5
{[%clk 0:53:22]} h6 {[%clk 1:21:58]} 34. Nxe6+ {[%clk 0:53:25]} Rxe6
{[%clk 1:21:51]} 35. Rb7 {[%clk 0:53:32]} g5 {[%clk 1:21:47]} 36. Kg3
{[%clk 0:53:23]} Kg6 {[%clk 1:22:06]} 37. Rb8 {[%clk 0:51:05]} f5
{[%clk 1:22:01]} 38. Rd8 {[%clk 0:48:19]} f4+ {[%clk 1:22:03]} 39. Kf2
{[%clk 0:47:27]} Kf5 {[%clk 1:21:40]} 40. Rd5+ {[%clk 0:46:20]} Kf6
{[%clk 1:21:01]} 41. Rd8 {[%clk 0:46:06]} Ke7 {[%clk 1:20:47]} 42. Rd3
{[%clk 0:45:00]} Rd6 {[%clk 1:20:37]} 43. Rxd6 Kxd6 44. Ke2 1/2-1/2

[Event "D"]
[Site "?"]
[Date "2018.08.25"]
[Round "8.1"]
[White "Kolarz, Maciej"]
[Black "Barwinska, Ewa"]
[Result "1/2-1/2"]
[BlackElo "1451"]
[WhiteElo "1378"]
[LiveChessVersion "1.4.8"]

1. d4 {[%clk 1:30:59]} d5 {[%clk 1:30:54]} 2. c4 {[%clk 1:31:26]} e6
{[%clk 1:31:14]} 3. Nc3 {[%clk 1:31:50]} Nf6 {[%clk 1:31:36]} 4. cxd5
{[%clk 1:32:16]} exd5 {[%clk 1:30:31]} 5. Bg5 {[%clk 1:32:43]} c6
{[%clk 1:30:05]} 6. e3 {[%clk 1:32:42]} Bf5 {[%clk 1:28:23]} 7. Nf3
{[%clk 1:31:16]} Nbd7 {[%clk 1:25:29]} 8. Bd3 {[%clk 1:30:20]} Bxd3
{[%clk 1:24:55]} 9. Qxd3 {[%clk 1:30:41]} Be7 {[%clk 1:22:39]} 10. O-O
{[%clk 1:30:58]} O-O {[%clk 1:22:39]} 11. Rab1 {[%clk 1:31:26]} a5
{[%clk 1:17:39]} 12. a3 {[%clk 1:30:31]} h6 {[%clk 1:16:18]} 13. Bh4
{[%clk 1:30:57]} Re8 {[%clk 1:08:43]} 14. h3 {[%clk 1:30:38]} Nb6
{[%clk 0:58:01]} 15. Qc2 {[%clk 1:25:35]} Nc4 {[%clk 0:48:47]} 16. Nd2
{[%clk 1:25:55]} Nxd2 {[%clk 0:48:32]} 17. Qxd2 {[%clk 1:25:57]} Ne4
{[%clk 0:47:41]} 18. Nxe4 {[%clk 1:25:52]} dxe4 {[%clk 0:46:52]} 19. Bxe7
{[%clk 1:26:18]} Qxe7 {[%clk 0:46:26]} 20. b4 {[%clk 1:26:25]} axb4
{[%clk 0:46:14]} 21. Qxb4 {[%clk 1:26:15]} Qxb4 {[%clk 0:45:33]} 22. axb4
{[%clk 1:26:41]} Ra4 {[%clk 0:44:08]} 23. b5 {[%clk 1:27:03]} Rd8
{[%clk 0:42:37]} 24. Rfc1 {[%clk 1:26:33]} Rd6 {[%clk 0:41:00]} 25. bxc6
{[%clk 1:26:42]} Rxc6 {[%clk 0:41:24]} 26. Rxc6 {[%clk 1:26:56]} bxc6
{[%clk 0:41:48]} 27. Rb8+ {[%clk 1:24:44]} Kh7 {[%clk 0:42:11]} 28. Rc8
{[%clk 1:25:10]} Rc4 {[%clk 0:42:32]} 29. Kh2 {[%clk 1:25:36]} g5
{[%clk 0:41:56]} 30. g4 {[%clk 1:24:15]} Kg6 {[%clk 0:40:36]} 31. Kg3
{[%clk 1:24:41]} Kg7 {[%clk 0:39:03]} 32. h4 {[%clk 1:23:10]} Kh7
{[%clk 0:38:27]} 33. Re8 {[%clk 1:22:03]} Kg6 {[%clk 0:35:09]} 34. Rxe4
{[%clk 1:22:07]} c5 {[%clk 0:34:49]} 35. hxg5 {[%clk 1:22:23]} hxg5
{[%clk 0:35:08]} 36. Kf3 {[%clk 1:22:28]} cxd4 {[%clk 0:35:33]} 37. Rxd4
{[%clk 1:22:52]} Rc6 {[%clk 0:35:23]} 38. e4 {[%clk 1:22:03]} Rc3+
{[%clk 0:33:59]} 39. Ke2 {[%clk 1:22:24]} Rc2+ {[%clk 0:32:19]} 40. Ke3
{[%clk 1:22:49]} Rc5 {[%clk 0:32:15]} 41. Rd5 {[%clk 1:22:41]} Rc3+
{[%clk 0:32:32]} 42. Kd2 {[%clk 1:21:18]} Rc4 {[%clk 0:31:07]} 43. Kd3
{[%clk 1:21:35]} Ra4 {[%clk 0:31:33]} 44. Rd6+ {[%clk 1:16:31]} Kg7
{[%clk 0:31:47]} 45. Ke3 {[%clk 1:15:12]} Ra3+ {[%clk 0:30:25]} 46. Rd3
{[%clk 1:15:35]} Ra5 {[%clk 0:30:40]} 47. f4 {[%clk 1:16:03]} gxf4+
{[%clk 0:30:51]} 48. Kxf4 {[%clk 1:16:19]} Ra1 {[%clk 0:30:28]} 49. Rd5
{[%clk 1:16:16]} Rf1+ {[%clk 0:30:17]} 50. Kg5 {[%clk 1:16:41]} f6+
{[%clk 0:29:57]} 51. Kh4 {[%clk 1:17:08]} Rh1+ {[%clk 0:29:04]} 52. Kg3
{[%clk 1:17:33]} Rg1+ {[%clk 0:29:23]} 1/2-1/2

[Event "D"]
[Site "?"]
[Date "2018.08.25"]
[Round "8.2"]
[White "Goral, Jan"]
[Black "Sokol, Maria"]
[Result "1/2-1/2"]
[BlackElo "1304"]
[WhiteElo "1471"]
[LiveChessVersion "1.4.8"]

1. Nf3 Nc6 2. d4 d5 3. g3 Nf6 4. Bg2 e6 5. O-O h6 6. c4 Be7 7. a3 a5 8. Qc2 O-O
9. Rd1 Ra6 10. Bf4 dxc4 11. Qxc4 Nd5 12. e4 Nxf4 13. gxf4 g5 14. fxg5 Bxg5 15.
Nc3 Na7 16. d5 Qe7 17. e5 Kh8 18. Ne4 exd5 19. Qxd5 c6 20. Qd6 Nb5 21. Qxe7 Bxe7
22. Rd2 Rg8 23. Rad1 Nc7 24. Nd4 Nd5 25. Ng3 Nf4 26. Nde2 Nxg2 27. Kxg2 Bg5 28.
Rd6 Rb6 29. f4 Be7 30. R6d2 Be6 31. Nd4 Bd5+ 32. Kf1 Bc5 33. Rc2 Bf8 34. Rcd2 Rg4
35. Rf2 Bc5 36. Ke1 Ra6 37. Ke2 b5 38. Kd3 Ra7 39. Ne4 Bc4+ 40. Kc3 Bxd4+ 41.
Rxd4 Ra8 42. Nf6 Rg1 43. b3 Be6 44. f5 b4+ 45. axb4 axb4+ 46. Kb2 Rga1 47. Rd8+
Rxd8 1/2-1/2